Seeking within/ (Record no. 201724)

MARC details
000 -LEADER
fixed length control field 00616nam a22002177a 4500
003 - CONTROL NUMBER IDENTIFIER
control field dpl
005 - DATE AND TIME OF LATEST TRANSACTION
control field 20240401141518.0
008 - FIXED-LENGTH DATA ELEMENTS--GENERAL INFORMATION
fixed length control field 240305b |||||||| |||| 00| 0 eng d
010 ## - LIBRARY OF CONGRESS CONTROL NUMBER
LC control number ENG-139898
020 ## - INTERNATIONAL STANDARD BOOK NUMBER
International Standard Book Number 9789350690666
Terms of availability 90.00
035 ## - SYSTEM CONTROL NUMBER
System control number EN-123430
037 ## - SOURCE OF ACQUISITION
Source of stock number/acquisition DBAD/PUB
040 ## - CATALOGING SOURCE
Transcribing agency .
082 ## - DEWEY DECIMAL CLASSIFICATION NUMBER
Classification number 230.35
100 ## - MAIN ENTRY--PERSONAL NAME
Personal name Kamaraju ,Anil Kumar
9 (RLIN) 62808
245 ## - TITLE STATEMENT
Title Seeking within/
260 ## - PUBLICATION, DISTRIBUTION, ETC. (IMPRINT)
Place of publication, distribution, etc Kolkata
Name of publisher, distributor, etc Zoological Survey of India
Date of publication, distribution, etc 2021
270 ## - ADDRESS
Address Prani Vigyan Bhawan, M-Block, New Alipore
City Kolkata
Postal code 700053
300 ## - PHYSICAL DESCRIPTION
Extent 433.Pages
Dimensions 21cm,(hbk)
942 ## - ADDED ENTRY ELEMENTS (KOHA)
Source of classification or shelving scheme Dewey Decimal Classification
Koha item type English Books
Classification part 230.35
Call number suffix Kam
Holdings
Withdrawn status Lost status Source of classification or shelving scheme Damaged status Not for loan Collection code Home library Current library Date acquired Source of acquisition Cost, normal purchase price Total Checkouts Full call number Barcode Date last seen Copy number Cost, replacement price Price effective from Koha item type
    Dewey Decimal Classification     Non-fiction Bawana Bawana 22/03/2024 DBAD 90.00   230.35 KAM EN-123430 22/03/2024 1 90.00 22/03/2024 English Books

© Delhi Public Library
Hit Counter
free hit counter